| 000 | 00511nam a22001817a 4500 | ||
|---|---|---|---|
| 003 | CEME | ||
| 005 | 20210628202726.0 | ||
| 008 | 210122b xxu||||| |||| 00| 0 eng d | ||
| 020 | _a81-261-2611-6 | ||
| 040 | _cceme | ||
| 082 | _a530.1503 MAN | ||
| 100 |
_aSingh, Manpal _961268 |
||
| 245 | _aEncyclopaedia of mathematical physics vol -1 mathematical physics | ||
| 260 |
_aNEW DELHI _bANMOL PUBLICATION _c2006 |
||
| 300 | _a318 P | ||
| 650 |
_aMATHEMATICAL PHYSICS -ENCYCLOPEDIA. _961269 |
||
| 942 |
_cBK _2ddc |
||
| 999 |
_c570778 _d570778 |
||